000 00866nam0a22002411 4500
001 rc\684880
005 20250621211743.0
035 _a(NLR Aleph) 005921972
090 _a6486823
_c6486823
100 _a20031121d1985 |||y0rusy50 ca
101 0 _arus
102 _aRU
105 _ay |||||||||
200 1 _aОбщественная форма присвоения средств производства и материальных благ при социализме
_fОтв. ред. П.Н. Орехович
210 _aРостов н/Д
_cИзд-во Рост. ун-та
_d1985
215 _a163 с.
_d20
320 _aБиблиогр.: с. 158-162 (141 назв.)
700 1 _aБатурин
_bЛ.А.
_gЛеонид Алексеевич
801 0 _aRU
_bNLR
_gpsbo
801 1 _aRU
_bELAR
_2rusmarc
852 _aNLR
_j86-3/3220
942 _cBOOK
980 _aNB